2023 Ballon d'Or Placements - Statistics

General Stats
  • This quiz has been taken 17 times
  • The average score is 26 of 30
Answer Stats
Points Club(s) Nationality Player % Correct
4 Atletico Madrid France Antoine Griezmann
100%
20 Man City Portugal Bernardo Silva
100%
7 Aston Villa Argentina Emiliano Martinez
100%
357 Man City Norway Erling Haaland
100%
4 Tottenham England Harry Kane
100%
5 Dortmund England Jude Bellingham
100%
100 Man City Belgium Kevin De Bruyne
100%
270 PSG France Kylian Mbappe
100%
4 Inter Argentina Lautaro Martinez
100%
462 Inter Miami Argentina Lionel Messi
100%
19 Real Madrid Croatia Luka Modric
100%
13 Liverpool Egypt Mohamed Salah
100%
12 Barcelona Poland Robert Lewandowski
100%
57 Man City Spain Rodri
100%
49 Real Madrid Brazil Vinicius Junior
100%
24 Napoli Nigeria Victor Osimhen
93%
1 Arsenal England Bukayo Saka
87%
8 Man City Germany Ilkay Gundogan
87%
28 Man City Argentina Julian Alvarez
87%
0 Arsenal Norway Martin Odegaard
87%
6 Napoli Georgia Khvicha Kvaratskhelia
80%
3 Napoli South Korea Kim Min-jae
80%
0 Man City Portugal Ruben Dias
80%
6 Real Madrid France Karim Benzema
73%
0 Bayern Munich Germany Jamal Musiala
67%
1 RB Leipzig Croatia Josko Gvardiol
60%
0 Inter Italy Nicolo Barella
60%
2 Inter Cameroon Andre Onana
53%
0 Frankfurt France Randal Kolo Muani
53%
10 Sevilla Morocco Yassine Bounou
47%
No matching quizzes found
Score Distribution
Percent of People with Each Score
Percentile by Number Answered
Your Score History
You have not taken this quiz